<The> additionality effect in the public support programs at local level
Verejné podporné programy na lokálnej úrovni, ich využitie. Doplnkovosť, štrukturálne fondy. Využitie v menej rozvinutých regiónoch, vo viacej rozvinutých regiónoch a v mestách v Európskej únii.
Saved in:
| Main Author: | |
|---|---|
| Other Authors: | |
| Format: | Book Chapter |
| Language: | English |
| Subjects: | |
| Tags: |
No Tags, Be the first to tag this record!
|
MARC
| LEADER | 00000nla a2200000 4500 | ||
|---|---|---|---|
| 001 | 0161643 | ||
| 005 | 20240502083359.4 | ||
| 041 | 0 | |a eng | |
| 044 | |a LT | ||
| 245 | 1 | 0 | |a <The> additionality effect in the public support programs at local level |c Miroslav Šipikal, Valéria Szitásiová |
| 520 | |a Verejné podporné programy na lokálnej úrovni, ich využitie. Doplnkovosť, štrukturálne fondy. Využitie v menej rozvinutých regiónoch, vo viacej rozvinutých regiónoch a v mestách v Európskej únii. | ||
| 610 | 2 | 0 | |a programy |
| 610 | 2 | 0 | |a podpora podnikania |
| 610 | 2 | 0 | |a podpora štátna |
| 610 | 2 | 0 | |a fondy štruktúrne |
| 610 | 2 | 0 | |a regióny |
| 610 | 2 | 0 | |a mestá |
| 610 | 2 | 0 | |a Európska únia |
| 100 | 1 | |a Šipikal, Miroslav, 1976- | |
| 700 | 1 | |a Szitásiová, Valéria, 1987- | |